000 00977nam a2200217Ii 4500
003 JO-AjNU
008 230605s9999||||xx |||||||||||||| ||und||
017 _a2002/9/919
040 _aJO-AjNU
_bara
_erda
_cJO-AjNU
041 _aara
050 1 4 _aHD37.A7.D3764 2002
100 3 _aدرة، عبدالباري ابراهيم ،م.مشارك موسى توفيق المدهون، م.مشارك ابراهيم محمد علي الجزراوي,
_eauthor
_957155
245 0 0 _aالادارة الحديثة: منهج علمي تحليلي: العمليات الادارية المتعاقبة والمستمرة
250 _aط2
264 3 1 _aعمان: المركز العربي للخدمات الطلابية،2002
300 _a453ص
_bيحتوي ببلوغرافية من ص 440-453ص
336 _atext
_btxt
_2rdacontent
337 _aunmediated
_bn
_2rdamedia
338 _avolume
_bnc
_2rdacarrier
650 4 _aادارة اعمال- الادارة - فلسفة
_957156
999 _aA25595
_c29163
_d29163